Statistics for Jeppy on Flags #1

Click here to take the quiz!

General Stats

  • This quiz has been taken 993 times
  • The average score is 15 of 16

Answer Stats

Answer% Correct
Brazil
100%
United Kingdom
100%
United States
100%
Turkey
99%
Argentina
98%
Cyprus
98%
Japan
98%
North Macedonia
96%
Vatican City
96%
Bhutan
94%
Morocco
94%
Liechtenstein
88%
Paraguay
85%
Dominica
81%
Tuvalu
80%
Burundi
79%

Score Distribution

Percentile by Number Answered

Percent of People with Each Score

Your Score History

You have not taken this quiz